000 01216nam a22002537a 4500
001 BRCA_9357
003 FranzMayer
005 20230918122426.0
008 230828b |||||||| |||| 00| 0 eng d
040 _aMFM
_besp
_cMFM
050 0 _aN6502.57.P67
_bI83 1993
110 1 _4Responsable
_aInstituto Cultural Itaú
_929326
240 _aCadernos História da pintura no Brasil.
_hModernismo: Dedobramientos. Marcos históricos.
_lPortugués
245 0 _aCadernos História da pintura no Brasil.
_bModernismo: Dedobramientos. Marcos históricos.
260 _aSao Paulo, Brasil
_bInstituto Cultural Itaú
_c1993
300 _a52 p
_bIlustraciones a color
_c22 cm
500 _aAnexo 1
500 _aEl libro ya contiene datos de la biblioteca, como un librero en el que estaba ordenado o número de auditoria; pero no tenía registro en la base de datos.
505 _aTexto en: portuguésIncluye índice temáticoIncluye bibliografíaDirigido a: artistas, estudiantes de arte e historiadores de arte.
650 1 _2Artes visuales
_aHistoria
_vAmerica Latina
_929327
651 2 _2Movimientos del arte
_aModernismo
_vBrasil
_929328
710 1 _4Col
_aBanco de datos informatizado
_929329
942 _2lcc
_cH
999 _c10979
_d10979